Maďarská karta sa vracia do hry

Víťazstvo Pála Csákyho vo voľbách predsedu SMK hodilo do slovenskej politiky s novou intenzitou maďarskú kartu. Nič už nie je tak, ako bolo za predsedníctva Bélu Bugára. Pravicový trojlístok prestal byť samozrejmou mocenskou protiváhou a politickou alternatívou k dominantnej sociálnej demokracii.

Gespeichert in:
Bibliographische Detailangaben
1. Verfasser: Weiss, Peter
Format: Buchkapitel
Sprache:Slowakisch
Schlagworte:
Tags: Tag hinzufügen
Keine Tags, Fügen Sie das erste Tag hinzu!

MARC

LEADER 00000naa$a2200000$$$4500
001 0085257
005 20240502071953.7
041 0 |a slo 
044 |a SK 
245 1 0 |a Maďarská karta sa vracia do hry  |c Peter Weiss 
520 |a Víťazstvo Pála Csákyho vo voľbách predsedu SMK hodilo do slovenskej politiky s novou intenzitou maďarskú kartu. Nič už nie je tak, ako bolo za predsedníctva Bélu Bugára. Pravicový trojlístok prestal byť samozrejmou mocenskou protiváhou a politickou alternatívou k dominantnej sociálnej demokracii. 
610 2 0 |a politika vnútorná 
610 2 0 |a strany politické 
610 2 0 |a strany vládne 
610 2 0 |a nacionalizmus 
610 2 0 |a menšiny národnostné 
610 2 0 |a vzťahy medzinárodné 
610 2 0 |a Slovensko 
100 1 |a Weiss, Peter